| 000 | 00891cam a22002531 4500 | ||
|---|---|---|---|
| 001 | gs 49000048 | ||
| 003 | DLC | ||
| 005 | 20260227111354.0 | ||
| 008 | 761113s1947 txu 000 0 eng | ||
| 010 | _ags 49000048 | ||
| 035 | _a(OCoLC)2556786 | ||
| 040 |
_aDLC _cTx _dOCoLC _dDLC |
||
| 042 | _apremarc | ||
| 050 | 0 | 0 |
_aGB1025.T4 _bA5 1947d |
| 110 | 2 | _aTexas Water Commission. | |
| 245 | 1 | 0 |
_aGround water resources of Brazoria County, Texas, _cby C. R. Follett. Prepared in cooperation with the U. S. Dept. of the Interior, Geological Survey. |
| 260 |
_a[Austin] _c1947. |
||
| 300 |
_a101 l. _bfold. map. _c27 cm. |
||
| 500 | _aU.S. Geological Survey. Library for Library of Congress. | ||
| 650 | 0 |
_aGroundwater _zTexas _zBrazoria County. |
|
| 650 | 0 |
_aWater-supply _zTexas _zBrazoria County. |
|
| 700 | 1 |
_aFollett, C. R. _q(Clarence R.), _d1904- |
|
| 710 | 2 | _aGeological Survey (U.S.) | |
| 999 |
_c28336 _d28336 |
||